书目信息 |
| 题名: |
外语教育
|
|
| 作者: | 徐锦芬 主编 ;华中科技大学 编 | |
| 分册: | 2014年年刊 | |
| 出版信息: | 武汉 华中科技大学出版社 2015.12 |
|
| 页数: | 278页 | |
| 开本: | 26cm | |
| 丛书名: | ||
| 单 册: | ||
| 中图分类: | H3-42 | |
| 科图分类: | ||
| 主题词: | 外语教学--wai yu jiao xue--教学研究--高等学校--中国--文集 | |
| 电子资源: | ||
| ISBN: | 978-7-5680-1260-7 | |
| 000 | 01006nam0 2200277 450 | |
| 001 | 0100004887 | |
| 005 | 20160516083947.9 | |
| 010 | @a978-7-5680-1260-7@dCNY56.00 | |
| 100 | @a20160127d2015 em y0chiy0121 ea | |
| 101 | 0 | @achi@aeng |
| 102 | @aCN@b420000 | |
| 105 | @aak a 000yy | |
| 106 | @ar | |
| 200 | 1 | @a外语教育@Awai yu jiao yu@h2014年年刊@d= Foreign language education@h2014 yearly@f华中科技大学外国语学院@zeng |
| 210 | @a武汉@c华中科技大学出版社@d2015.12 | |
| 215 | @a278页@c图@d26cm | |
| 314 | @a本书主编: 徐锦芬 | |
| 320 | @a有书目 | |
| 330 | @a本书内容分为外语教育研究、语言学研究、翻译研究、文化与文学研究和书评五大部分。 | |
| 510 | 1 | @aForeign language education@h2014 yearly@zeng |
| 606 | 0 | @a外语教学@Awai yu jiao xue@x教学研究@x高等学校@y中国@j文集 |
| 690 | @aH3-42@v5 | |
| 701 | 0 | @a徐锦芬@Axu jin fen@4主编 |
| 712 | 02 | @a华中科技大学@Ahua zhong ke ji da xue@b外国语学院@Bwai guo yu xue yuan@4编 |
| 801 | 0 | @aCN@c20160515 |
| 905 | @a河南城建学院图书馆@dH3-42@eQ440:2014 | |
| 外语教育.2014年年刊= Foreign language education.2014 yearly/华中科技大学外国语学院.-武汉:华中科技大学出版社,2015.12 |
| 278页:图;26cm |
| ISBN 978-7-5680-1260-7:CNY56.00 |
| 本书内容分为外语教育研究、语言学研究、翻译研究、文化与文学研究和书评五大部分。 |
| ● |
| 相关链接 |
|
|
|
正题名:外语教育
索取号:H3-42/Q440:2014
 
预约/预借
| 序号 | 登录号 | 条形码 | 馆藏地/架位号 | 状态 | 备注 |
| 1 | 1254089 | 212540892 | 语言库209/209语言库 79排4列4层/ [索取号:H3-42/Q440:2014] | 在馆 | |
| 2 | 1254090 | 212540909 | 语言库209/209语言库 79排4列4层/ [索取号:H3-42/Q440:2014] | 在馆 | |
| 3 | 1254091 | 212540918 | 语言库209/209语言库 79排4列4层/ [索取号:H3-42/Q440:2014] | 在馆 |